000 00526nam a2200217Ia 4500
003 OSt
005 20220924144408.0
006 a|||||r|||| 00| 0
007 ta
008 220923b |||||||| |||| 00| 0 urd d
024 _a314128
037 _cTextual
040 _aARTS
_cARTS
_burd
041 _2urd
_aurd
082 _aO168,1N083x, J3
245 0 _aMakhdoom
_b Intkhab-e-Kalam
260 _c1953
650 _aURDU POETRY
942 _hO168,1N083x, J3
_cTEXL
_2CC
999 _c456946
_d456946